000 00476nmm a2200157Ia 4500
008 251105s9999||||xx |||||||||||||||||und||
020 _a9789580612261
041 _aspa
100 _aBermúdez Ardila, Fernando
245 0 _aEl dorado en el amazonas III : Tierra de dioses
264 _a[Bogotá, Colombia] :
_bOveja Negra,
_c2013
300 _a162 páginas
650 _aLatin American narrative
856 _uhttps://public.digitaliapublishing.com/a/37815
942 _cCF
999 _c94888
_d94888